[Event "37th Zalakaros Festival 2018"]
[Site "Zalakaros"]
[Date "2018.06.02"]
[Round "9"]
[White "Vanczak, Tamas"]
[Black "Galyas, Miklos"]
[Result "1/2-1/2"]
[WhiteElo "2303"]
[BlackElo "2508"]
[Annotator "TA"]
[PlyCount "46"]
[EventDate "2018.??.??"]
[EventType "swiss"]
[EventCountry "HUN"]
[SourceTitle "playchess.com"]
[Source "ChessBase"]
[SourceQuality "1"]

{[%evp 19,46,31,56,56,43,22,35,34,31,0,0,-8,-12,-8,0,-18,-18,-15,-8,-20,0,0,0,-18,-17,-14,0,0,12]} 1. e4 g6 2. d4 Bg7 3. Nc3 c6 4. Nf3 d6 5. a4 Nf6 6. Be2 O-O 7. O-O Nbd7 8. h3 Qc7 9. Be3 b6 10. Qd2 Re8 {LiveBook: 4 Partien. B08: Pirc-Ufimzew-Verteidigung} 11. Rfd1 (11. Rad1 Bb7 12. Rfe1 a6 13. e5 Nd5 14. Bh6 Nxc3 15. bxc3 dxe5 16. Bxg7 Kxg7 17. dxe5 Nc5 18. Qf4 {0-1 (44) Khachiyan,M (2522)-Naroditsky,D (2619) chess.com INT 2018}) 11... Bb7 12. Bf4 e5 13. dxe5 dxe5 14. Bh6 $146 ({Vorgänger:} 14. Be3 Bf8 15. Bc4 Bb4 16. Ng5 Re7 17. Qd3 Rae8 18. Nxf7 Rxf7 19. Bxf7+ Kxf7 20. Qc4+ Kg7 21. Qxb4 Nf8 22. Qd6 Qf7 23. a5 {1-0 (23) Unver,C (2074)-Doner,M (1827) Konya 2016}) 14... Nc5 {Die Stellung ist ausgeglichen.} 15. Bxg7 Kxg7 16. Qe3 Rad8 17. Bc4 Rxd1+ 18. Rxd1 a5 19. Ne1 Rd8 20. Rxd8 Qxd8 21. Nd3 Nfd7 22. b3 Qe7 23. Nd1 Bc8 {Precision: Weiß = 63%, Schwarz = 33%.} 1/2-1/2

[Event "37th Zalakaros Festival 2018"]
[Site "Zalakaros"]
[Date "2018.06.02"]
[Round "9"]
[White "Ianov, Viktor"]
[Black "Csonka, Attila Istvan"]
[Result "1/2-1/2"]
[WhiteElo "2285"]
[BlackElo "2372"]
[Annotator "NA"]
[PlyCount "69"]
[EventDate "2018.??.??"]
[EventType "swiss"]
[EventCountry "HUN"]
[SourceTitle "playchess.com"]
[Source "ChessBase"]
[SourceQuality "1"]
[TimeControl "40/5400+30:1800+30"]

1. Nf3 {[%emt 0:00:01]} Nc6 {[%emt 0:00:54]} 2. d4 {[%emt 0:01:44]} d5 {[%emt 0:00:05]} 3. g3 {[%emt 0:00:07]} Bg4 {[%emt 0:00:25]} 4. Bg2 {[%emt 0:00:09]} Bxf3 {[%emt 0:01:13] D02: Damenbauernspiele} (4... Qd7 5. O-O O-O-O 6. c4 dxc4 7. Be3 e5 8. d5 Nge7 9. Nc3 Nxd5 10. Nxd5 Qxd5 11. Qc2 Bxf3 12. Bxf3 Qe6 13. Rfc1 a6 14. Bxc6 Qxc6 {0-1 (24) Bok,B (2600)-Van Foreest,J (2606) Amsterdam 2017}) 5. Bxf3 {[%emt 0:01:42]} Nf6 {[%emt 0:00:34]} 6. c3 {[%emt 0:03:18]} e5 {[%emt 0:02:36]} 7. Qb3 {[%emt 0:01:11]} Rb8 $146 {[%emt 0:04:52]} ({Vorgänger:} 7... e4 8. Bg2 Rb8 9. Bg5 Be7 10. O-O h6 11. Bxf6 Bxf6 12. Nd2 O-O {1-0 (49) Peinado,E (2144)-Escobar Medina,A (2067) Medellin 2014}) 8. dxe5 {[%emt 0:02:22]} Nxe5 {[%emt 0:00:16]} 9. Bg2 {[%emt 0:00:17]} c6 {[%emt 0:01:50]} 10. Be3 {[%emt 0:00:35]} Qa5 {[%emt 0:01:43]} 11. O-O Bd6 {[%emt 0:04:03]} 12. Nd2 {[%emt 0:01:45]} O-O {[%emt 0:00:49]} 13. c4 {[%emt 0:02:46]} d4 {[%emt 0:01:22]} 14. Bg5 {[%emt 0:00:21]} Nfd7 {[%emt 0:05:35]} 15. Ne4 {[%emt 0:03:41]} Nc5 {[%emt 0:01:47]} 16. Qc2 {[%emt 0:00:10]} Nxe4 {[%emt 0:03:26]} 17. Bxe4 {[%emt 0:00:36]} Ng6 {[%emt 0:08:02]} 18. h4 {[%emt 0:01:27]} f5 {[%emt 0:02:42]} 19. Bd3 {[%emt 0:02:23]} Qe5 {[%emt 0:09:39]} 20. f4 {[%emt 0:03:14]} Qe3+ {[%emt 0:01:43]} 21. Kg2 {[%emt 0:00:39]} Qe6 {[%emt 0:04:47]} 22. Rf3 {[%emt 0:03:11]} c5 {[%emt 0:04:13]} 23. e4 {[%emt 0:02:47]} dxe3 {[%emt 0:00:42]} 24. Re1 {[%emt 0:00:21]} h6 {[%emt 0:06:43]} 25. Rfxe3 {[%emt 0:03:37]} Qd7 {[%emt 0:00:20]} 26. Re6 {[%emt 0:06:38]} hxg5 {[%emt 0:02:57]} 27. Bxf5 {[%emt 0:03:10]} Nxf4+ {[%emt 0:03:17]} 28. gxf4 {[%emt 0:00:09]} Bxf4 {[%emt 0:00:10]} 29. hxg5 {[%emt 0:07:00]} Qd2+ {[%emt 0:10:04]} 30. R1e2 {[%emt 0:00:32]} Qxc2 {[%emt 0:00:12]} 31. Bxc2 {[%emt 0:00:08]} Bxg5 {[%emt 0:00:34]} 32. Bg6 {[%emt 0:01:19]} Rf6 {[%emt 0:03:38]} 33. Re8+ {[%emt 0:00:37]} Rxe8 {[%emt 0:00:45]} 34. Rxe8+ {[%emt 0:00:07]} Rf8 {[%emt 0:00:03]} 35. Rxf8+ $11 {[%emt 0:00:55]} 1/2-1/2

[Event "37th Zalakaros Festival 2018"]
[Site "Zalakaros"]
[Date "2018.06.02"]
[Round "9"]
[White "Marosi, Levente"]
[Black "Li, Bo"]
[Result "1/2-1/2"]
[WhiteElo "2277"]
[BlackElo "2319"]
[Annotator "NA RC"]
[PlyCount "81"]
[EventDate "2018.??.??"]
[EventType "swiss"]
[EventCountry "HUN"]
[SourceTitle "playchess.com"]
[Source "ChessBase"]
[SourceQuality "1"]
[TimeControl "40/5400+30:1800+30"]

1. e4 {[%emt 0:00:03]} c5 {[%emt 0:00:55]} 2. Nf3 {[%emt 0:00:19]} Nc6 {[%emt 0:00:39]} 3. d4 {[%emt 0:00:17]} cxd4 {[%emt 0:00:23]} 4. Nxd4 {[%emt 0:00:03]} Qb6 {[%emt 0:01:13]} 5. Nb3 {[%emt 0:00:18]} Nf6 {[%emt 0:00:58]} 6. Nc3 {[%emt 0:00:20]} d6 {[%emt 0:01:12]} 7. Be3 {[%emt 0:00:28]} Qd8 {[%emt 0:02:18]} 8. Qd2 {[%emt 0:01:14]} g6 {[%emt 0:03:17]} 9. f3 {[%emt 0:00:09]} Bg7 {[%emt 0:02:30]} 10. O-O-O {[%emt 0:04:47]} Be6 {[%emt 0:03:39]} 11. Nd4 Nxd4 {[%emt 0:04:53]} 12. Bxd4 {[%emt 0:01:03]} O-O {[%emt 0:04:36]} 13. Kb1 {[%emt 0:10:51]} a6 {[%emt 0:08:01]} 14. h4 {[%emt 0:05:08]} b5 {[%emt 0:16:11]} 15. h5 {[%emt 0:05:43]} Qc7 {[%emt 0:03:04]} 16. g4 {[%emt 0:10:21] B76: Sicilian Dragon: Yugoslav Attack, 9 g4 and 9 0-0-0} Rfc8 {[%emt 0:04:06]} 17. hxg6 {[%emt 0:04:19]} hxg6 {[%emt 0:04:17]} 18. Nd5 {[%emt 0:19:30]} (18. Ne2 d5 19. e5 Nd7 20. Nf4 Nxe5 21. Qh2 Kf8 22. Re1 Ke8 23. Nxe6 fxe6 24. Bxe5 Bxe5 25. Rxe5 Kd7 26. Qe2 {1-0 (26) Sandipan,C (2579)-Belezky,A (2466) Germany 2008}) 18... Bxd5 {[%emt 0:03:11]} 19. exd5 {[%emt 0:00:11]} Qb7 $146 {[%emt 0:03:28]} ({Predecessor:} 19... b4 20. g5 Nh5 21. Bxg7 Nxg7 22. Bh3 Rd8 {1-0 (62) Muller,A (2175)-Wohlers Armas,F (2178) Val d'Isere 2004}) 20. g5 {[%emt 0:06:19]} Nh5 {[%emt 0:03:36]} 21. Rxh5 {[%emt 0:08:30]} gxh5 {[%emt 0:01:27]} 22. Bxg7 {[%emt 0:00:03]} Kxg7 {[%emt 0:00:29]} 23. Qd4+ {[%emt 0:00:02]} Kg8 {[%emt 0:02:39]} 24. Bd3 {[%emt 0:01:19]} Rc4 {[%emt 0:07:36]} (24... e5 $142 25. dxe6 fxe6) 25. Bxc4 {[%emt 0:00:46]} bxc4 {[%emt 0:00:01]} 26. Rh1 {[%emt 0:04:16]} c3 {[%emt 0:03:09]} 27. b3 {[%emt 0:01:43]} Qb5 {[%emt 0:00:02]} 28. a4 {[%emt 0:06:47]} Qc5 {[%emt 0:01:16]} 29. Qd3 {[%emt 0:00:30]} Kg7 {[%emt 0:02:30]} 30. Rxh5 {[%emt 0:03:06]} Rh8 {[%emt 0:01:41]} 31. Rxh8 {[%emt 0:00:21]} Kxh8 {[%emt 0:00:07]} 32. Ka2 {[%emt 0:00:17]} (32. Qxa6 $142 Qxd5 33. Qc8+ Kh7 34. Qxc3 Qxg5 35. a5) 32... a5 {[%emt 0:01:46]} 33. g6 {[%emt 0:02:50]} Kg7 {[%emt 0:02:19]} 34. gxf7 {[%emt 0:00:03]} Kxf7 {[%emt 0:00:15]} 35. Qf5+ {[%emt 0:01:24]} Ke8 {[%emt 0:01:11]} 36. Qg6+ {[%emt 0:01:05]} Kd8 {[%emt 0:00:37]} (36... Kf8 37. Qf5+ Kg7 38. Qe4) 37. Qg8+ {[%emt 0:00:57]} Kd7 $1 {[%emt 0:01:40]} 38. Qe6+ $2 {[%emt 0:00:08]} Kd8 {[%emt 0:00:39]} 39. Qg8+ {[%emt 0:00:47]} (39. Qe4 $18) 39... Kd7 {[%emt 0:00:01]} 40. Qe6+ {[%emt 0:00:00]} Kd8 {[%emt 0:00:23]} 41. Qg8+ $11 {[%emt 0:19:07]} 1/2-1/2

[Event "37th Zalakaros Festival 2018"]
[Site "Zalakaros"]
[Date "2018.06.02"]
[Round "9"]
[White "Doric, Nenad"]
[Black "Tompa, Janos"]
[Result "1/2-1/2"]
[WhiteElo "2250"]
[BlackElo "2372"]
[Annotator "NA"]
[PlyCount "27"]
[EventDate "2018.??.??"]
[EventType "swiss"]
[EventCountry "HUN"]
[SourceTitle "playchess.com"]
[Source "ChessBase"]
[SourceQuality "1"]
[TimeControl "40/5400+30:1800+30"]

1. d4 {[%emt 0:00:09]} Nf6 {[%emt 0:01:04]} 2. c4 {[%emt 0:00:15]} e6 {[%emt 0:00:38]} 3. Nc3 {[%emt 0:00:58]} Bb4 {[%emt 0:01:06]} 4. e3 {[%emt 0:00:31]} b6 {[%emt 0:01:58]} 5. Nge2 {[%emt 0:02:32]} Ba6 {[%emt 0:01:28]} 6. Qa4 {[%emt 0:00:55]} c5 {[%emt 0:03:02]} 7. a3 {[%emt 0:00:34]} Bxc3+ {[%emt 0:00:09]} 8. Nxc3 {[%emt 0:00:08]} O-O {[%emt 0:02:31]} 9. dxc5 {[%emt 0:01:33]} bxc5 {[%emt 0:00:19]} 10. Be2 {[%emt 0:00:43]} Bb7 11. O-O {[%emt 0:01:30]} a6 {[%emt 0:05:46]} 12. Rd1 {[%emt 0:06:38]} Qc7 {[%emt 0:01:14]} 13. b4 {[%emt 0:08:30]} Nc6 {[%emt 0:08:30]} 14. Rb1 {[%emt 0:15:49]} 1/2-1/2

[Event "37th Zalakaros Festival 2018"]
[Site "Zalakaros"]
[Date "2018.06.02"]
[Round "9"]
[White "Peczely, Sebastian Zsombor"]
[Black "Medancic, Rikard"]
[Result "0-1"]
[WhiteElo "2244"]
[BlackElo "2164"]
[Annotator "NA"]
[PlyCount "96"]
[EventDate "2018.??.??"]
[EventType "swiss"]
[EventCountry "HUN"]
[SourceTitle "playchess.com"]
[Source "ChessBase"]
[SourceQuality "1"]
[TimeControl "40/5400+30:1800+30"]

1. e4 {[%emt 0:00:03]} g6 {[%emt 0:00:35]} 2. d4 {[%emt 0:00:04]} Bg7 {[%emt 0:00:05]} 3. Nc3 {[%emt 0:00:03]} d6 {[%emt 0:00:08]} 4. Be3 {[%emt 0:00:04]} a6 {[%emt 0:00:05]} 5. f3 {[%emt 0:00:05]} Nd7 {[%emt 0:00:05]} 6. Qd2 {[%emt 0:00:04]} e6 {[%emt 0:00:12] B06: Modern Defence} 7. O-O-O {[%emt 0:00:05]} b5 {[%emt 0:00:09]} 8. Kb1 {[%emt 0:00:06]} Bb7 {[%emt 0:00:44]} 9. g4 {[%emt 0:00:20]} h6 {[%emt 0:00:12]} 10. h4 {[%emt 0:00:07]} Ne7 {[%emt 0:01:14]} 11. Nh3 {[%emt 0:01:11]} (11. Qh2 b4 12. Nce2 Nb6 13. Ng3 {1-0 (29) Areshchenko,A (2675)-Graf,A (2564) Bad Wiessee 2016}) 11... c5 $146 {[%emt 0:01:02]} ({Predecessor:} 11... d5 12. Bd3 c5 13. dxc5 d4 14. Bxd4 Bxd4 15. Bxb5 {½-½ (31) Ipek,E (1697)-Karatas,K (1879) Konya 2017}) 12. g5 {[%emt 0:01:22]} h5 {[%emt 0:00:13]} 13. Nf2 {[%emt 0:04:07]} Qc7 {[%emt 0:00:28]} 14. Bh3 Nb6 {[%emt 0:10:14]} 15. b3 {[%emt 0:08:12]} b4 {[%emt 0:06:02]} 16. Ne2 {[%emt 0:00:09]} a5 {[%emt 0:01:04]} 17. Nf4 {[%emt 0:08:00]} cxd4 {[%emt 0:07:05]} 18. Bxd4 {[%emt 0:00:38]} e5 {[%emt 0:00:06]} 19. Bxb6 {[%emt 0:05:23]} Qxb6 {[%emt 0:00:21]} 20. Nd5 {[%emt 0:00:04]} Nxd5 {[%emt 0:05:25]} 21. exd5 {[%emt 0:00:07]} a4 {[%emt 0:00:22]} 22. Rhe1 {[%emt 0:02:20]} Ra5 {[%emt 0:05:58]} 23. f4 {[%emt 0:07:49]} O-O {[%emt 0:11:51]} 24. f5 {[%emt 0:07:22]} Rfa8 {[%emt 0:00:48]} 25. Ne4 {[%emt 0:11:10]} axb3 {[%emt 0:05:35]} 26. cxb3 {[%emt 0:00:54]} Rxa2 {[%emt 0:01:10]} 27. Qxa2 {[%emt 0:00:09]} Rxa2 {[%emt 0:00:07]} 28. Kxa2 {[%emt 0:00:00]} Qa5+ {[%emt 0:05:55]} 29. Kb1 {[%emt 0:00:05]} Bxd5 {[%emt 0:00:24]} 30. Rc1 {[%emt 0:06:21]} Qa3 {[%emt 0:05:06]} 31. Rc8+ {[%emt 0:02:55]} Kh7 {[%emt 0:00:05]} 32. fxg6+ {[%emt 0:00:54]} fxg6 {[%emt 0:00:16]} 33. Bg2 {[%emt 0:01:23]} Qxb3+ {[%emt 0:02:22]} 34. Kc1 {[%emt 0:00:06]} Qa3+ {[%emt 0:01:53]} 35. Kd1 {[%emt 0:00:16]} Qa1+ {[%emt 0:02:47]} 36. Kd2 {[%emt 0:00:52]} Qd4+ {[%emt 0:03:07]} 37. Kc1 {[%emt 0:00:35]} Qa1+ {[%emt 0:01:19]} 38. Kd2 {[%emt 0:00:10]} Qb2+ {[%emt 0:00:36]} 39. Rc2 {[%emt 0:00:05]} Qd4+ {[%emt 0:00:05]} 40. Kc1 {[%emt 0:00:00]} b3 {[%emt 0:01:44]} 41. Rce2 {[%emt 0:06:16]} Bxe4 {[%emt 0:01:29]} 42. Bxe4 {[%emt 0:00:09]} d5 {[%emt 0:00:05]} 43. Bb1 {[%emt 0:00:23]} e4 {[%emt 0:04:49]} 44. Rd2 {[%emt 0:01:47]} Qc4+ {[%emt 0:00:59]} 45. Kd1 {[%emt 0:00:06]} Bc3 {[%emt 0:00:10]} 46. Bd3 {[%emt 0:01:07]} Qd4 {[%emt 0:01:30]} 47. Rf1 {[%emt 0:00:44]} Bxd2 {[%emt 0:00:22]} 48. Rf6 {[%emt 0:00:25]} Bxg5 {[%emt 0:00:20]} 0-1

[Event "37th Zalakaros Festival 2018"]
[Site "Zalakaros"]
[Date "2018.06.02"]
[Round "9"]
[White "Molnar, Erno"]
[Black "Horak, Jiri"]
[Result "1/2-1/2"]
[WhiteElo "2243"]
[BlackElo "2131"]
[Annotator "TA"]
[PlyCount "130"]
[EventDate "2018.??.??"]
[EventType "swiss"]
[EventCountry "HUN"]
[SourceTitle "playchess.com"]
[Source "ChessBase"]
[SourceQuality "1"]

{[%evp 15,130,16,29,-12,-14,-15,-8,-13,8,-1,38,22,49,16,41,34,27,24,52,21,24,27,43,22,12,15,35,5,5,0,0,0,0,-6,0,-6,0,-25,-24,-24,32,18,178,164,166,160,212,208,202,189,175,99,140,128,108,60,52,62,124,120,105,116,105,12,11,0,2,-8,0,0,0,0,3,4,17,7,6,0,0,0,0,0,0,0,0,0,0,0,0,0,0,0,0,0,0,0,0,0,0,0,0,0,0,0,0,0,0,-93,-93,-93,-93,-93,-93,-93,-93,-93,0]} 1. e4 e5 2. Nf3 Nf6 3. Nxe5 d6 4. Nf3 Nxe4 5. d4 Be7 6. Bd3 Nf6 7. O-O O-O 8. c4 d5 9. b3 {C42: Petroff Defence: 3 Nxe5 and unusual White 3rd moves} (9. Nc3 Nc6 10. cxd5 Nb4 11. Re1 Nbxd5 12. h3 c6 13. a3 Re8 14. Qc2 h6 15. Nxd5 Nxd5 16. Ne5 Bd6 17. Bh7+ Kf8 18. Bd2 Be6 19. Re2 Nf6 20. Rae1 Qc7 {1-0 (28) Carlsen,M (2827)-Granda Zuniga,J (2653) Douglas 2017}) 9... Bg4 10. Nbd2 Nc6 11. Bb2 {The position is equal.} Re8 12. a3 Bh5 $146 ({Predecessor:} 12... Bf8 13. Qc2 Ne7 14. Ne5 Be6 15. f4 g6 16. h3 Nf5 {1-0 (44) Rutkowski,M (2135)-Blaszczyk,P (2000) Krynica 2003}) 13. Qc2 Bg6 14. Rfe1 Bf8 15. Rxe8 Qxe8 16. Re1 Qd8 17. c5 Ne7 {[%cal Bc6e7,Be7g6,Bg6f4][%mdl 32]} 18. b4 c6 19. a4 Bxd3 20. Qxd3 Ng6 21. Bc1 Nf4 22. Qf1 (22. Qe3 {is more complex.} Ne6 23. Ne5 Qe8 24. Nb3 g6 25. f3) 22... Ne6 23. Nb3 g6 24. Ne5 {[%cal Bf3e5,Be5g4,Bg4h6][%mdl 32]} Nd7 25. Ng4 Bg7 26. Qd3 Qh4 27. h3 h5 (27... a6 $11) 28. Nh6+ $1 $14 Kf8 $2 (28... Bxh6 $1 $11 29. Bxh6 Re8) 29. Rxe6 $1 $18 fxe6 30. Qxg6 {[%csl Gh6][%cal Rg6f7]} Qf6 31. Qxh5 {Bg5 is the strong threat.} Bxh6 32. Bxh6+ Kg8 33. Qg4+ (33. Be3 $18) 33... Kf7 $16 34. Bg5 Qf5 35. Qxf5+ exf5 {[%mdl 4096] Endgame KRN-KBN} 36. Na5 b6 ({Black should play} 36... Nf8 $1 $14) 37. Nxc6 a5 38. cxb6 Nxb6 39. bxa5 (39. b5 $1 $16) 39... Nc4 $11 40. Nb4 Rxa5 41. Bd8 Ra8 42. Bc7 Ke6 43. Nd3 Kd7 44. Bf4 Nb6 45. Nc5+ Ke7 46. g4 (46. Be3 {seems wilder.} Nxa4 47. Nd3 Nc3 48. Nf4 Ra2 49. Kh2) 46... Nxa4 47. Nxa4 Rxa4 {KR-KB} 48. Be5 Kf7 49. Kg2 Kg6 50. Kg3 Ra3+ 51. f3 fxg4 52. hxg4 Rb3 53. Kf4 Rd3 54. Bh8 Ra3 55. g5 Ra8 56. Bf6 Re8 57. Be5 {Hoping for Kg4.} Ra8 58. Kg4 {And now f4 would win.} Ra1 59. Bg3 Ra4 60. Bf2 Ra2 61. Be3 {[#]} (61. Bg3 $11) 61... Rg2+ $1 $17 {[%mdl 1024] Black is better. Black has strong compensation.} 62. Kh3 Re2 63. Bf4 Kf5 64. Kg3 Rc2 65. Be3 {[#]} Re2 {Precision: White = 48%, Black = 54%.} (65... Rb2 $1 $17 66. Bc1 Ra2) 1/2-1/2

[Event "37th Zalakaros Festival 2018"]
[Site "Zalakaros"]
[Date "2018.06.02"]
[Round "9"]
[White "Kareva, Natalia"]
[Black "Borsos, Bogdan"]
[Result "1-0"]
[WhiteElo "2206"]
[BlackElo "2277"]
[Annotator "NA"]
[PlyCount "89"]
[EventDate "2018.??.??"]
[EventType "swiss"]
[EventCountry "HUN"]
[SourceTitle "playchess.com"]
[Source "ChessBase"]
[SourceQuality "1"]
[TimeControl "40/5400+30:1800+30"]

1. d4 {[%emt 0:00:13]} d5 {[%emt 0:01:03]} 2. Nc3 {[%emt 0:00:37]} Nf6 {[%emt 0:02:22]} 3. Bg5 {[%emt 0:00:15]} Nbd7 {[%emt 0:00:12]} 4. Qd2 {[%emt 0:01:43]} c6 {[%emt 0:00:44] D01: Veresov Opening} 5. Nf3 {[%emt 0:00:55]} (5. f3 h6 6. Bh4 e5 7. dxe5 Nxe5 8. e4 Nxe4 9. fxe4 Qxh4+ 10. g3 Qe7 11. O-O-O Bg4 12. Re1 d4 13. Qxd4 Qc5 14. Qxc5 Bxc5 {0-1 (53) Pogromsky,M (2416)-Triapishko,O (2508) Sochi 2017}) 5... b5 {[%emt 0:00:19]} 6. a3 {[%emt 0:03:30]} a5 $146 {[%emt 0:01:14]} ({Predecessor:} 6... Nb6 7. b3 Ne4 8. Qd3 Nxg5 9. Nxg5 e5 10. h4 h6 11. Nf3 e4 {0-1 (36) Batricevic,J (2163)-Nikac,P (2342) Cetinje 2010}) 7. e3 {[%emt 0:03:20]} Bb7 8. Bd3 {[%emt 0:09:46]} b4 {[%emt 0:03:35]} 9. Na4 {[%emt 0:00:37]} e6 {[%emt 0:05:18]} 10. c4 {[%emt 0:04:57]} Be7 {[%emt 0:01:56]} 11. Bxf6 {[%emt 0:07:37]} gxf6 {[%emt 0:05:12]} 12. c5 {[%emt 0:01:41]} bxa3 {[%emt 0:00:41]} 13. bxa3 {[%emt 0:00:23]} Ba6 {[%emt 0:03:39]} 14. Bxa6 {[%emt 0:01:37]} Rxa6 {[%emt 0:00:07]} 15. O-O {[%emt 0:00:40]} f5 {[%emt 0:03:37]} 16. Rfb1 {[%emt 0:01:45]} Qc7 {[%emt 0:01:12]} 17. Rb3 {[%emt 0:02:33]} O-O {[%emt 0:02:47]} 18. Rab1 {[%emt 0:04:07]} Rb8 {[%emt 0:00:13]} 19. Rxb8+ {[%emt 0:07:45]} Nxb8 {[%emt 0:00:07]} 20. Ne5 {[%emt 0:03:18]} f6 {[%emt 0:02:54]} 21. Qb2 {[%emt 0:02:00]} fxe5 {[%emt 0:14:24]} 22. Qxb8+ {[%emt 0:01:06]} Qxb8 {[%emt 0:00:06]} 23. Rxb8+ {[%emt 0:00:04]} Kf7 {[%emt 0:00:03]} 24. dxe5 {[%emt 0:02:17]} Ra7 {[%emt 0:01:56]} 25. Rb3 {[%emt 0:06:36]} Rd7 {[%emt 0:01:34]} 26. Kf1 {[%emt 0:00:15]} f4 {[%emt 0:03:16]} 27. exf4 {[%emt 0:03:16]} d4 {[%emt 0:00:34]} 28. Ke2 {[%emt 0:01:26]} Rd5 {[%emt 0:00:05]} 29. Kd3 {[%emt 0:02:07]} Bxc5 {[%emt 0:00:09]} 30. Nxc5 {[%emt 0:00:55]} Rxc5 {[%emt 0:00:02]} 31. Kxd4 {[%emt 0:00:44]} Rc2 {[%emt 0:00:06]} 32. Ke3 {[%emt 0:00:32]} a4 {[%emt 0:00:37]} 33. Rb7+ {[%emt 0:05:56]} Ke8 {[%emt 0:01:08]} 34. Rxh7 {[%emt 0:05:24]} c5 {[%emt 0:00:05]} 35. Ra7 {[%emt 0:01:51]} Rc3+ {[%emt 0:00:09]} 36. Ke4 {[%emt 0:01:16]} Rxa3 {[%emt 0:00:18]} 37. h4 {[%emt 0:00:44]} Ra1 {[%emt 0:01:35]} 38. h5 {[%emt 0:00:16]} Kf8 {[%emt 0:00:37]} 39. h6 {[%emt 0:00:48]} Kg8 {[%emt 0:00:09]} 40. f5 {[%emt 0:00:00]} a3 {[%emt 0:02:06]} 41. fxe6 {[%emt 0:00:31]} a2 {[%emt 0:00:12]} 42. Kf5 {[%emt 0:00:11]} Rh1 {[%emt 0:01:25]} 43. Rxa2 {[%emt 0:00:26]} Rxh6 {[%emt 0:00:08]} 44. Ra8+ {[%emt 0:00:04]} Kg7 {[%emt 0:00:09]} 45. e7 {[%emt 0:00:07]} 1-0

[Event "37th Zalakaros Festival 2018"]
[Site "Zalakaros"]
[Date "2018.06.02"]
[Round "9"]
[White "Ugroczky, Peter"]
[Black "Krykun, Yuriy"]
[Result "0-1"]
[WhiteElo "2197"]
[BlackElo "2338"]
[Annotator "NA RC"]
[PlyCount "131"]
[EventDate "2018.??.??"]
[EventType "swiss"]
[EventCountry "HUN"]
[SourceTitle "playchess.com"]
[Source "ChessBase"]
[SourceQuality "1"]
[TimeControl "40/5400+30:1800+30"]

1. e4 {[%emt 0:00:06]} e5 {[%emt 0:00:42]} 2. Nf3 {[%emt 0:00:06]} Nc6 {[%emt 0:00:03]} 3. Bc4 {[%emt 0:00:26]} Bc5 {[%emt 0:00:42]} 4. c3 {[%emt 0:00:13]} Nf6 {[%emt 0:00:04]} 5. d4 {[%emt 0:00:40]} exd4 {[%emt 0:00:09]} 6. O-O {[%emt 0:01:07]} Nxe4 {[%emt 0:11:56]} 7. cxd4 {[%emt 0:01:32]} d5 {[%emt 0:00:46]} 8. dxc5 {[%emt 0:00:26]} dxc4 {[%emt 0:00:17]} 9. Qe2 {[%emt 0:00:26]} Qd3 {[%emt 0:01:20]} 10. Re1 {[%emt 0:00:11]} f5 {[%emt 0:03:58]} 11. Nbd2 O-O {[%emt 0:03:35]} 12. Nxe4 {[%emt 0:01:22] C56: Two Knights: 4 d4 exd4 5 0-0 Nxe4} fxe4 {[%emt 0:01:22]} 13. Qxe4 {[%emt 0:00:06]} Bf5 {[%emt 0:00:55]} 14. Qh4 {[%emt 0:00:07]} (14. Qxd3 cxd3 15. Bd2 Rae8 16. Bc3 Bg4 17. Nd2 Be2 18. f3 Ne7 19. Ne4 Nf5 {0-1 (65) Ozgibcev,A (2376)-Shirov,A (2630) Sochi 2017}) 14... Rae8 {[%emt 0:15:03]} 15. Bf4 {[%emt 0:00:21]} c3 {[%emt 0:06:30]} 16. bxc3 {[%emt 0:04:44]} Rxe1+ {[%emt 0:02:53]} 17. Rxe1 {[%emt 0:01:15]} Qxc3 {[%emt 0:00:10]} 18. Bxc7 {[%emt 0:07:48]} Qxc5 {[%emt 0:01:05]} 19. Qg3 {[%emt 0:06:00]} Qd5 {[%emt 0:09:38]} 20. Bd6 $146 {[%emt 0:06:34]} ({Predecessor:} 20. a3 Qd3 21. h4 {½-½ (21) Tomczak,J (2449)-Prohaszka,P (2506) Szeged 2008}) 20... Rd8 {[%emt 0:09:42]} 21. Bc7 {[%emt 0:03:16]} Rc8 {[%emt 0:01:17]} 22. a3 {[%emt 0:03:36]} Be4 {[%emt 0:05:40]} 23. Qg4 {[%emt 0:05:34]} Rxc7 {[%emt 0:03:49]} 24. Qxe4 {[%emt 0:01:40]} Qxe4 {[%emt 0:00:19]} 25. Rxe4 {[%emt 0:00:05]} Rd7 {[%emt 0:00:07]} 26. g3 {[%emt 0:01:20]} h6 {[%emt 0:03:08]} 27. Kg2 {[%emt 0:01:02]} Rd5 {[%emt 0:01:17]} 28. Ne1 {[%emt 0:02:43]} Rc5 {[%emt 0:04:51]} 29. Re3 {[%emt 0:02:19]} b5 {[%emt 0:00:59]} 30. Kf3 {[%emt 0:01:27]} a5 {[%emt 0:01:06]} 31. Ke2 {[%emt 0:01:37]} b4 {[%emt 0:05:04]} 32. axb4 {[%emt 0:00:39]} Nxb4 {[%emt 0:00:19]} 33. Re7 {[%emt 0:01:43]} Rc3 {[%emt 0:01:07]} 34. Ra7 {[%emt 0:01:58]} Ra3 {[%emt 0:00:21]} 35. Nf3 {[%emt 0:02:54]} a4 {[%emt 0:05:27]} 36. Nd4 {[%emt 0:02:59]} Ra1 {[%emt 0:00:21]} 37. Nb5 {[%emt 0:01:32]} Nd5 {[%emt 0:01:12]} 38. Kd3 {[%emt 0:03:15]} Nf6 {[%emt 0:00:43]} 39. Nc3 {[%emt 0:03:57]} a3 {[%emt 0:00:37]} 40. h4 {[%emt 0:00:00]} Ng4 {[%emt 0:00:46]} 41. Ke2 {[%emt 0:04:35]} Ne5 {[%emt 0:05:27]} 42. Kd2 {[%emt 0:06:01]} Nc4+ {[%emt 0:03:22]} 43. Kd3 {[%emt 0:01:07]} Nd6 {[%emt 0:02:03]} 44. Ra6 {[%emt 0:04:03]} Nf7 {[%emt 0:03:42]} 45. f4 {[%emt 0:03:13]} h5 {[%emt 0:01:56]} 46. Kc2 {[%emt 0:11:36]} Nh6 {[%emt 0:02:38]} 47. Ne4 {[%emt 0:04:14]} Nf5 {[%emt 0:00:45]} 48. Kb3 {[%emt 0:04:25]} Re1 {[%emt 0:02:11]} 49. Ng5 {[%emt 0:00:38]} Kf8 {[%emt 0:00:19]} 50. Rxa3 $19 {[%emt 0:03:27]} (50. Kc4 $11 {and White has nothing to worry.}) 50... Re3+ {[%emt 0:06:34]} 51. Kb4 {[%emt 0:00:06]} Rxa3 {[%emt 0:00:09]} 52. Kxa3 {[%emt 0:00:06]} Nxg3 {[%emt 0:00:01]} 53. Kb4 {[%emt 0:01:00]} Ke7 {[%emt 0:00:43]} 54. Kc5 {[%emt 0:02:37]} Kf6 {[%emt 0:00:44]} 55. Kd4 {[%emt 0:05:24]} Kf5 {[%emt 0:02:21]} 56. Ke3 {[%emt 0:00:18]} Kg4 {[%emt 0:00:09]} 57. Ne6 {[%emt 0:02:44]} g6 {[%emt 0:00:31]} 58. Nf8 {[%emt 0:01:07]} Nf5+ {[%emt 0:00:12]} 59. Ke4 {[%emt 0:00:04]} Nxh4 {[%emt 0:00:11]} 60. Ke5 {[%emt 0:00:43]} Nf3+ {[%emt 0:02:36]} 61. Ke4 {[%emt 0:03:32]} h4 {[%emt 0:00:20]} 62. Ke3 {[%emt 0:03:32]} Kg3 {[%emt 0:01:01]} 63. Nxg6 {[%emt 0:01:39]} h3 {[%emt 0:00:09]} 64. f5 {[%emt 0:00:37]} h2 {[%emt 0:00:10]} 65. f6 {[%emt 0:00:03]} Ng5 {[%emt 0:00:30]} 66. Kd4 0-1